[Event "PMPJ 2022 - D15"]
[Site "Jastrzebia Gora"]
[Date "2022.11.09"]
[Round "6.2"]
[White "Bauer, Maja"]
[Black "Pniewska, Beata"]
[Result "1/2-1/2"]
[BlackElo "1353"]
[WhiteElo "1300"]
[LiveChessVersion "1.4.8"]

1. e4 {[%clk 1:30:57]} e6 {[%clk 1:30:54]} 2. d4 {[%clk 1:31:13]} d5
{[%clk 1:31:08]} 3. Nd2 {[%clk 1:31:18]} dxe4 {[%clk 1:30:47]} 4. Nxe4
{[%clk 1:31:32]} Nd7 {[%clk 1:30:54]} 5. Nf3 {[%clk 1:31:13]} Ngf6
{[%clk 1:30:41]} 6. Nxf6+ {[%clk 1:30:15]} Nxf6 {[%clk 1:30:55]} 7. c3
{[%clk 1:30:09]} c5 {[%clk 1:29:14]} 8. Be3 {[%clk 1:28:27]} cxd4
{[%clk 1:25:33]} 9. Bxd4 {[%clk 1:25:08]} Bd7 {[%clk 1:17:22]} 10. Bd3
{[%clk 1:21:47]} Rc8 {[%clk 1:11:17]} 11. O-O {[%clk 1:17:03]} Bc5
{[%clk 1:10:33]} 12. Bc2 {[%clk 1:10:23]} Bxd4 {[%clk 1:03:42]} 13. Qxd4
{[%clk 1:02:53]} b6 {[%clk 1:01:24]} 14. Rad1 {[%clk 0:57:59]} O-O
{[%clk 1:00:20]} 15. a4 {[%clk 0:52:44]} Bc6 {[%clk 0:59:10]} 16. Qh4
{[%clk 0:49:35]} Qc7 {[%clk 0:56:29]} 17. Rd4 {[%clk 0:38:50]} h6
{[%clk 0:54:30]} 18. Rf4 {[%clk 0:28:42]} Bxf3 {[%clk 0:51:16]} 19. Rxf3
{[%clk 0:25:48]} Qe5 {[%clk 0:47:08]} 20. Rg3 {[%clk 0:21:45]} Kh8
{[%clk 0:42:52]} 21. Re3 {[%clk 0:14:05]} Qh5 {[%clk 0:40:34]} 22. Qd4
{[%clk 0:09:46]} Rfd8 {[%clk 0:39:40]} 23. Qe5 {[%clk 0:05:24]} Qxe5
{[%clk 0:37:46]} 24. Rxe5 {[%clk 0:05:48]} Rd2 {[%clk 0:38:02]} 25. Rc1
{[%clk 0:05:42]} Nd5 {[%clk 0:35:33]} 26. Ree1 {[%clk 0:04:20]} Nf4
{[%clk 0:29:09]} 27. Kf1 {[%clk 0:04:17]} Rc5 {[%clk 0:28:38]} 28. g3
{[%clk 0:03:15]} Nd3 {[%clk 0:23:17]} 29. Bxd3 {[%clk 0:03:02]} Rxd3
{[%clk 0:23:37]} 30. Red1 {[%clk 0:02:54]} Rxd1+ {[%clk 0:22:43]} 31. Rxd1
{[%clk 0:03:18]} Rc7 {[%clk 0:22:30]} 32. Ke2 {[%clk 0:03:23]} Kh7
{[%clk 0:22:49]} 33. Ke3 {[%clk 0:03:14]} Kg6 {[%clk 0:23:00]} 34. Ke4
{[%clk 0:02:58]} Kf6 {[%clk 0:22:45]} 35. Rd4 {[%clk 0:02:44]} Rc5
{[%clk 0:22:35]} 1/2-1/2

[Event "PMPJ 2022 - D15"]
[Site "Jastrzebia Gora"]
[Date "2022.11.09"]
[Round "6.3"]
[White "Makarec, Anna"]
[Black "Kaczmarek, Paulina"]
[Result "1-0"]
[BlackElo "1331"]
[WhiteElo "1316"]
[LiveChessVersion "1.4.8"]

1. e4 {[%clk 1:30:57]} c5 {[%clk 1:30:55]} 2. Nc3 {[%clk 1:31:17]} Nc6
{[%clk 1:31:02]} 3. g3 {[%clk 1:30:54]} g6 {[%clk 1:31:05]} 4. Bg2
{[%clk 1:31:11]} Bg7 {[%clk 1:31:30]} 5. Nge2 {[%clk 1:31:30]} e6
{[%clk 1:31:29]} 6. O-O {[%clk 1:31:35]} Nge7 {[%clk 1:31:34]} 7. d3
{[%clk 1:30:21]} O-O {[%clk 1:31:42]} 8. Be3 {[%clk 1:30:34]} b6 {[%clk 1:27:36]}
9. f4 {[%clk 1:28:58]} d5 {[%clk 1:21:55]} 10. exd5 {[%clk 1:28:38]} exd5
{[%clk 1:22:18]} 11. d4 {[%clk 1:28:23]} c4 {[%clk 1:14:02]} 12. Bf2
{[%clk 1:28:14]} Be6 {[%clk 1:10:49]} 13. h3 {[%clk 1:27:08]} f5 {[%clk 1:10:11]}
14. Kh2 {[%clk 1:24:18]} Qc7 {[%clk 1:07:37]} 15. Ng1 {[%clk 1:23:03]} Rad8
{[%clk 1:06:12]} 16. Nf3 {[%clk 1:23:13]} Kh8 {[%clk 1:05:51]} 17. Re1
{[%clk 1:22:26]} Bf7 {[%clk 1:03:43]} 18. Ne5 {[%clk 1:22:00]} Nxe5
{[%clk 1:04:00]} 19. fxe5 {[%clk 1:21:23]} Be6 {[%clk 1:03:15]} 20. Be3
{[%clk 1:18:08]} h6 {[%clk 1:00:00]} 21. h4 {[%clk 1:16:37]} Kh7 {[%clk 0:58:06]}
22. Ne2 {[%clk 1:09:01]} Qd7 {[%clk 0:55:59]} 23. Qd2 {[%clk 1:07:14]} Rc8
{[%clk 0:52:17]} 24. c3 {[%clk 1:07:00]} Rfd8 {[%clk 0:51:04]} 25. Nf4
{[%clk 1:03:49]} a6 {[%clk 0:50:14]} 26. Bh3 {[%clk 1:02:13]} b5 {[%clk 0:46:02]}
27. Rf1 {[%clk 1:01:54]} Rf8 {[%clk 0:45:47]} 28. Rf2 {[%clk 1:01:27]} a5
{[%clk 0:44:15]} 29. Raf1 {[%clk 1:00:34]} Rb8 {[%clk 0:43:43]} 30. Qc2
{[%clk 0:59:46]} Rf7 {[%clk 0:39:32]} 31. h5 {[%clk 0:58:40]} g5 {[%clk 0:29:55]}
32. Nxe6 {[%clk 0:58:49]} Qxe6 {[%clk 0:29:28]} 33. Bxf5+ {[%clk 0:58:50]} Nxf5
{[%clk 0:29:51]} 34. Rxf5 {[%clk 0:59:13]} Rxf5 {[%clk 0:30:02]} 35. g4
{[%clk 0:56:30]} Kg8 {[%clk 0:25:20]} 36. gxf5 {[%clk 0:50:00]} Qf7
{[%clk 0:23:43]} 37. Qe2 {[%clk 0:49:40]} b4 {[%clk 0:23:15]} 38. Qg4
{[%clk 0:48:49]} bxc3 {[%clk 0:21:54]} 39. bxc3 {[%clk 0:48:59]} Rb6
{[%clk 0:17:43]} 40. Bc1 {[%clk 0:46:43]} Qd7 {[%clk 0:16:53]} 41. Kh3
{[%clk 0:45:21]} a4 {[%clk 0:15:59]} 42. Ba3 {[%clk 0:43:52]} Bf8
{[%clk 0:14:39]} 43. e6 {[%clk 0:42:19]} Qc7 {[%clk 0:13:25]} 44. Bxf8
{[%clk 0:42:32]} Kxf8 {[%clk 0:13:52]} 45. f6 {[%clk 0:42:15]} Qd6
{[%clk 0:13:47]} 46. Re1 {[%clk 0:41:35]} Rb8 {[%clk 0:11:07]} 47. Qf5
{[%clk 0:39:58]} 1-0

[Event "PMPJ 2022 - D15"]
[Site "Jastrzebia Gora"]
[Date "2022.11.09"]
[Round "6.4"]
[White "Zgoda, Aleksandra"]
[Black "Butkiewicz, Hanna"]
[Result "1-0"]
[BlackElo "1117"]
[WhiteElo "1277"]
[LiveChessVersion "1.4.8"]

1. d4 {[%clk 1:30:57]} d5 {[%clk 1:30:53]} 2. Bf4 {[%clk 1:31:20]} Nf6
{[%clk 1:31:14]} 3. e3 {[%clk 1:31:36]} Nc6 {[%clk 1:31:16]} 4. Nf3
{[%clk 1:31:41]} Bf5 {[%clk 1:31:25]} 5. c3 {[%clk 1:30:57]} a6 {[%clk 1:31:35]}
6. Nbd2 {[%clk 1:30:51]} e6 {[%clk 1:31:54]} 7. Ne5 {[%clk 1:29:46]} Nxe5
{[%clk 1:32:03]} 8. dxe5 {[%clk 1:29:12]} Ne4 {[%clk 1:32:17]} 9. f3
{[%clk 1:25:45]} Nxd2 {[%clk 1:32:34]} 10. Qxd2 {[%clk 1:25:31]} Be7
{[%clk 1:32:43]} 11. O-O-O {[%clk 1:24:09]} c5 {[%clk 1:32:46]} 12. g4
{[%clk 1:22:51]} Bg6 {[%clk 1:33:00]} 13. Bg3 {[%clk 1:18:41]} b5
{[%clk 1:32:14]} 14. h4 {[%clk 1:15:46]} h6 {[%clk 1:30:03]} 15. h5
{[%clk 1:11:02]} Bh7 {[%clk 1:30:25]} 16. Bd3 {[%clk 1:09:34]} Bxd3
{[%clk 1:29:02]} 17. Qxd3 {[%clk 1:09:59]} c4 {[%clk 1:26:02]} 18. Qd4
{[%clk 1:05:26]} b4 {[%clk 1:22:01]} 19. cxb4 {[%clk 0:54:39]} Bxb4
{[%clk 1:22:20]} 20. Be1 {[%clk 0:54:41]} Qa5 {[%clk 1:18:13]} 21. Bxb4
{[%clk 0:50:00]} Qxb4 {[%clk 1:18:31]} 22. e4 {[%clk 0:48:32]} Rd8
{[%clk 1:15:23]} 23. f4 {[%clk 0:42:51]} Qe7 {[%clk 1:11:47]} 24. exd5
{[%clk 0:39:20]} exd5 {[%clk 1:10:32]} 25. f5 {[%clk 0:35:30]} Qg5+
{[%clk 1:09:36]} 26. Kb1 {[%clk 0:35:10]} O-O {[%clk 1:09:07]} 27. Rhg1
{[%clk 0:34:55]} Rfe8 {[%clk 1:07:20]} 28. Rde1 {[%clk 0:32:55]} Qe7
{[%clk 1:05:03]} 29. Qb6 {[%clk 0:29:38]} Rb8 {[%clk 1:04:35]} 30. Qd4
{[%clk 0:24:45]} Qb7 {[%clk 1:04:36]} 31. g5 {[%clk 0:23:38]} hxg5
{[%clk 1:04:45]} 32. Rxg5 {[%clk 0:23:41]} c3 {[%clk 1:05:08]} 33. Qxc3
{[%clk 0:22:39]} Rec8 {[%clk 1:05:14]} 34. Qd2 {[%clk 0:22:07]} Rc5
{[%clk 1:03:36]} 35. Reg1 {[%clk 0:21:27]} Kf8 {[%clk 1:02:40]} 36. Rxg7
{[%clk 0:20:21]} Rb5 {[%clk 1:02:31]} 37. Rg8+ {[%clk 0:19:54]} Ke7
{[%clk 1:02:51]} 38. Rxb8 {[%clk 0:19:27]} Qxb8 {[%clk 1:03:13]} 39. Re1
{[%clk 0:17:03]} Qh8 {[%clk 1:02:58]} 40. h6 {[%clk 0:16:40]} Rb6
{[%clk 1:02:24]} 41. Qxd5 {[%clk 0:16:25]} Qxh6 {[%clk 1:02:17]} 42. f6+
{[%clk 0:16:34]} Ke8 {[%clk 1:02:07]} 43. Rd1 {[%clk 0:16:22]} 1-0

[Event "PMPJ 2022 - D15"]
[Site "Jastrzebia Gora"]
[Date "2022.11.09"]
[Round "6.5"]
[White "Sliwicka, Weronika"]
[Black "Lach, Alicja"]
[Result "1-0"]
[BlackElo "1281"]
[WhiteElo "1265"]
[LiveChessVersion "1.4.8"]

1. e4 {[%clk 1:30:58]} c5 {[%clk 1:30:57]} 2. Nf3 {[%clk 1:31:24]} Nc6
{[%clk 1:31:22]} 3. d4 {[%clk 1:31:51]} cxd4 {[%clk 1:31:48]} 4. Nxd4
{[%clk 1:32:17]} g6 {[%clk 1:32:15]} 5. Nc3 {[%clk 1:32:09]} Bg7 {[%clk 1:32:41]}
6. Nb3 {[%clk 1:32:29]} Nf6 {[%clk 1:33:07]} 7. Be2 {[%clk 1:30:50]} O-O
{[%clk 1:33:31]} 8. O-O {[%clk 1:31:15]} d6 {[%clk 1:34:00]} 9. Bg5
{[%clk 1:30:42]} Be6 {[%clk 1:34:26]} 10. Re1 {[%clk 1:28:34]} Na5
{[%clk 1:32:19]} 11. e5 {[%clk 1:21:28]} dxe5 {[%clk 1:30:01]} 12. Qxd8
{[%clk 1:21:43]} Rfxd8 {[%clk 1:27:17]} 13. Nxa5 {[%clk 1:22:01]} b6
{[%clk 1:26:09]} 14. Nc6 {[%clk 1:21:08]} Re8 {[%clk 1:24:42]} 15. Bf3
{[%clk 1:17:22]} Rac8 {[%clk 1:20:36]} 16. Nxa7 {[%clk 1:06:03]} Rc5
{[%clk 1:19:08]} 17. Be3 {[%clk 1:05:53]} Rc4 {[%clk 1:08:14]} 18. a3
{[%clk 0:55:54]} e4 {[%clk 1:05:48]} 19. Be2 {[%clk 0:55:56]} Rc7
{[%clk 1:06:04]} 20. Nab5 {[%clk 0:56:05]} Rb7 {[%clk 1:06:06]} 21. Nd4
{[%clk 0:55:32]} Bd7 {[%clk 1:05:26]} 22. h3 {[%clk 0:50:04]} Rc8
{[%clk 1:05:03]} 23. Ba6 {[%clk 0:50:19]} 1-0

[Event "PMPJ 2022 - D15"]
[Site "Jastrzebia Gora"]
[Date "2022.11.09"]
[Round "6.6"]
[White "Racis, Dominika"]
[Black "Gajec, Roza"]
[Result "0-1"]
[BlackElo "1357"]
[WhiteElo "1248"]
[LiveChessVersion "1.4.8"]

1. d4 {[%clk 1:30:57]} Nf6 {[%clk 1:30:56]} 2. c4 {[%clk 1:31:19]} e6
{[%clk 1:31:07]} 3. Nf3 {[%clk 1:31:29]} d5 {[%clk 1:30:53]} 4. Bg5
{[%clk 1:29:15]} Be7 {[%clk 1:31:01]} 5. e3 {[%clk 1:29:06]} Nc6 {[%clk 1:30:34]}
6. Nc3 {[%clk 1:25:57]} O-O {[%clk 1:28:55]} 7. Bd3 {[%clk 1:19:10]} h6
{[%clk 1:26:48]} 8. Bxf6 {[%clk 1:16:35]} Bxf6 {[%clk 1:27:10]} 9. O-O
{[%clk 1:15:55]} Nb4 {[%clk 1:21:57]} 10. a3 {[%clk 1:04:29]} Nxd3
{[%clk 1:20:01]} 11. Qxd3 {[%clk 1:04:35]} b6 {[%clk 1:18:54]} 12. cxd5
{[%clk 1:00:15]} exd5 {[%clk 1:19:16]} 13. Rfc1 {[%clk 0:57:10]} Bb7
{[%clk 1:16:26]} 14. b4 {[%clk 0:49:59]} Re8 {[%clk 1:14:10]} 15. a4
{[%clk 0:42:40]} a6 {[%clk 1:08:31]} 16. Nd2 {[%clk 0:32:17]} Qd6
{[%clk 1:05:14]} 17. Rab1 {[%clk 0:25:01]} Bc8 {[%clk 0:52:10]} 18. b5
{[%clk 0:19:22]} g6 {[%clk 0:38:45]} 19. e4 {[%clk 0:05:47]} dxe4
{[%clk 0:38:05]} 20. Ncxe4 {[%clk 0:06:09]} Qxd4 {[%clk 0:37:56]} 21. Nxf6+
{[%clk 0:06:12]} Qxf6 {[%clk 0:38:11]} 22. Rxc7 {[%clk 0:05:51]} Bf5
{[%clk 0:38:02]} 23. Qf3 {[%clk 0:05:13]} Qd6 {[%clk 0:34:28]} 24. Rbc1
{[%clk 0:01:24]} Qxd2 {[%clk 0:34:34]} 25. h3 {[%clk 0:01:47]} Re1+
{[%clk 0:34:38]} 26. Rxe1 {[%clk 0:02:13]} Qxe1+ {[%clk 0:34:51]} 27. Kh2
{[%clk 0:02:42]} Qe5+ {[%clk 0:35:02]} 28. Kg1 {[%clk 0:02:51]} Qa1+
{[%clk 0:33:15]} 29. Kh2 {[%clk 0:03:11]} Qe5+ {[%clk 0:33:36]} 30. Kg1
{[%clk 0:03:27]} Rd8 {[%clk 0:30:19]} 31. Ra7 {[%clk 0:01:04]} axb5
{[%clk 0:29:50]} 32. Ra8 {[%clk 0:01:18]} Rxa8 {[%clk 0:29:35]} 33. Qxa8+
{[%clk 0:01:43]} Kg7 {[%clk 0:29:59]} 34. axb5 {[%clk 0:01:36]} Qxb5
{[%clk 0:30:14]} 35. Qa1+ {[%clk 0:01:53]} Kh7 {[%clk 0:30:24]} 36. Qf6
{[%clk 0:01:59]} Be6 {[%clk 0:30:05]} 37. g4 {[%clk 0:01:58]} Qb1+
{[%clk 0:30:13]} 38. Kh2 {[%clk 0:02:21]} Qb3 {[%clk 0:28:59]} 39. f3
{[%clk 0:01:24]} Qe3 {[%clk 0:28:27]} 40. h4 {[%clk 0:00:56]} Qf2+
{[%clk 0:28:42]} 41. Kh3 {[%clk 0:01:03]} Bd5 {[%clk 0:28:59]} 0-1

[Event "PMPJ 2022 - D15"]
[Site "Jastrzebia Gora"]
[Date "2022.11.09"]
[Round "6.7"]
[White "Para, Aleksandra"]
[Black "Domeradzka, Karolina"]
[Result "1/2-1/2"]
[BlackElo "1123"]
[WhiteElo "1204"]
[LiveChessVersion "1.4.8"]

1. d4 {[%clk 1:30:25]} d5 {[%clk 1:30:55]} 2. Bf4 {[%clk 1:30:36]} Nf6
{[%clk 1:31:02]} 3. e3 {[%clk 1:31:00]} e6 {[%clk 1:31:23]} 4. Nf3
{[%clk 1:31:22]} c5 {[%clk 1:30:55]} 5. c3 {[%clk 1:31:08]} Bd6 {[%clk 1:30:24]}
6. Bg3 {[%clk 1:31:21]} Nc6 {[%clk 1:30:37]} 7. Nbd2 {[%clk 1:31:16]} O-O
{[%clk 1:30:29]} 8. Be2 {[%clk 1:30:43]} cxd4 {[%clk 1:28:26]} 9. exd4
{[%clk 1:30:49]} Qc7 {[%clk 1:28:40]} 10. Bd3 {[%clk 1:28:33]} Bd7
{[%clk 1:27:49]} 11. Bxd6 {[%clk 1:21:57]} Qxd6 {[%clk 1:28:06]} 12. O-O
{[%clk 1:21:47]} Rfe8 {[%clk 1:28:22]} 13. Re1 {[%clk 1:19:33]} Rad8
{[%clk 1:20:34]} 14. Ne5 {[%clk 1:18:32]} Bc8 {[%clk 1:19:40]} 15. Qc2
{[%clk 1:09:47]} h6 {[%clk 1:16:20]} 16. Ndf3 Nd7 {[%clk 1:15:40]} 17. Rad1
{[%clk 0:59:58]} Ndxe5 18. Nxe5 Nxe5 {[%clk 1:10:42]} 19. dxe5 {[%clk 0:55:55]}
Qc5 20. Qd2 {[%clk 0:52:37]} b6 {[%clk 1:10:43]} 21. Bc2 {[%clk 0:50:57]} Ba6 22.
Re3 Re7 {[%clk 0:54:07]} 23. Rg3 {[%clk 0:45:46]} Kf8 {[%clk 0:53:21]} 24. Qf4
{[%clk 0:43:50]} Qc4 {[%clk 0:45:17]} 25. Qxc4 {[%clk 0:39:06]} Bxc4
{[%clk 0:45:37]} 26. Rh3 {[%clk 0:36:20]} Red7 {[%clk 0:43:18]} 27. Ba4
{[%clk 0:35:36]} Rc7 {[%clk 0:38:40]} 28. Bb3 {[%clk 0:35:06]} Ke7
{[%clk 0:30:37]} 29. Rh4 {[%clk 0:34:08]} Bxb3 {[%clk 0:22:26]} 30. axb3
{[%clk 0:34:21]} a5 {[%clk 0:22:02]} 31. Rg4 {[%clk 0:33:05]} g6 {[%clk 0:21:24]}
32. Rf4 {[%clk 0:23:48]} h5 {[%clk 0:12:12]} 33. Kf1 {[%clk 0:17:24]} Rdd7
{[%clk 0:07:47]} 34. Ke2 b5 35. b4 {[%clk 0:14:29]} a4 {[%clk 0:07:53]} 36. Kd3
{[%clk 0:05:15]} 1/2-1/2

[Event "PMPJ 2022 - D15"]
[Site "Jastrzebia Gora"]
[Date "2022.11.09"]
[Round "6.8"]
[White "Danek, Wiktoria"]
[Black "Idzior, Izabela"]
[Result "1/2-1/2"]
[BlackElo "1172"]
[WhiteElo "1132"]
[LiveChessVersion "1.4.8"]

1. c4 {[%clk 1:30:42]} e6 {[%clk 1:30:19]} 2. Nc3 {[%clk 1:30:36]} d5
{[%clk 1:29:57]} 3. d4 {[%clk 1:30:40]} Nf6 {[%clk 1:30:21]} 4. Bg5
{[%clk 1:30:14]} Be7 {[%clk 1:30:23]} 5. e3 {[%clk 1:29:09]} O-O {[%clk 1:29:39]}
6. Nf3 {[%clk 1:28:48]} b6 {[%clk 1:28:44]} 7. Bd3 {[%clk 1:27:22]} Bb7
{[%clk 1:28:13]} 8. O-O {[%clk 1:26:35]} c5 {[%clk 1:27:49]} 9. Be2
{[%clk 1:15:50]} Nbd7 {[%clk 1:18:20]} 10. cxd5 {[%clk 1:10:15]} Nxd5
{[%clk 1:17:30]} 11. Bxe7 {[%clk 1:09:04]} Qxe7 {[%clk 1:17:13]} 12. Rc1
{[%clk 1:06:32]} Rac8 {[%clk 1:13:28]} 13. Qb3 {[%clk 0:54:02]} cxd4
{[%clk 1:08:17]} 14. Nxd4 {[%clk 0:53:58]} Nc5 {[%clk 1:05:13]} 15. Qd1
{[%clk 0:51:10]} Rfd8 {[%clk 1:04:29]} 16. Qe1 {[%clk 0:49:29]} Nb4
{[%clk 1:00:32]} 17. Rb1 {[%clk 0:36:31]} e5 {[%clk 0:44:04]} 18. Nf3
{[%clk 0:25:29]} Nbd3 {[%clk 0:24:17]} 19. Bxd3 {[%clk 0:25:46]} Bxf3
{[%clk 0:19:49]} 20. Bxh7+ {[%clk 0:26:01]} Kxh7 {[%clk 0:20:10]} 21. gxf3
{[%clk 0:26:24]} Qg5+ {[%clk 0:18:37]} 22. Kh1 {[%clk 0:26:42]} Rc6
{[%clk 0:16:28]} 23. Rg1 {[%clk 0:21:59]} Qh5 {[%clk 0:13:23]} 24. Rg3
{[%clk 0:21:12]} Rdd6 {[%clk 0:10:59]} 25. Qf1 {[%clk 0:17:01]} Rh6
{[%clk 0:10:44]} 26. Qg2 {[%clk 0:17:17]} Rcg6 {[%clk 0:09:10]} 27. Rg1
{[%clk 0:17:45]} Nd3 {[%clk 0:07:17]} 28. Ne2 {[%clk 0:13:47]} Nxb2
{[%clk 0:04:36]} 29. Rb1 {[%clk 0:12:32]} Nd3 {[%clk 0:03:45]} 30. Rd1
{[%clk 0:12:47]} e4 {[%clk 0:02:26]} 1/2-1/2

[Event "PMPJ 2022 - D15"]
[Site "Jastrzebia Gora"]
[Date "2022.11.09"]
[Round "6.9"]
[White "Michalska, Anna-maria"]
[Black "Dura, Anna"]
[Result "0-1"]
[BlackElo "1190"]
[WhiteElo "1288"]
[LiveChessVersion "1.4.8"]

1. d4 {[%clk 1:30:58]} e6 {[%clk 1:30:55]} 2. c4 {[%clk 1:31:22]} d5
{[%clk 1:31:20]} 3. Nc3 {[%clk 1:31:48]} Nf6 {[%clk 1:31:31]} 4. cxd5
{[%clk 1:32:12]} Nxd5 {[%clk 1:31:06]} 5. e4 {[%clk 1:32:34]} Nxc3
{[%clk 1:30:57]} 6. bxc3 {[%clk 1:32:56]} c5 {[%clk 1:29:43]} 7. Nf3
{[%clk 1:31:00]} cxd4 {[%clk 1:27:42]} 8. cxd4 {[%clk 1:31:22]} Bb4+
{[%clk 1:25:43]} 9. Bd2 {[%clk 1:31:44]} Qa5 {[%clk 1:24:37]} 10. Bc4
{[%clk 1:29:31]} O-O {[%clk 1:21:42]} 11. O-O {[%clk 1:29:38]} Nc6
{[%clk 1:20:28]} 12. d5 {[%clk 1:26:32]} exd5 {[%clk 1:14:51]} 13. Bxd5
{[%clk 1:25:42]} Ne7 {[%clk 1:10:26]} 14. Bxb4 {[%clk 1:24:43]} Qxb4
{[%clk 1:10:32]} 15. Qb3 {[%clk 1:22:53]} Qxb3 {[%clk 1:06:43]} 16. Bxb3
{[%clk 1:23:09]} Ng6 {[%clk 1:04:14]} 17. h3 {[%clk 1:21:10]} h6 {[%clk 1:02:34]}
18. Rad1 {[%clk 1:19:49]} Re8 {[%clk 1:00:18]} 19. Rd6 {[%clk 1:17:44]} Nf8
{[%clk 0:57:46]} 20. Nd2 {[%clk 1:13:43]} Be6 {[%clk 0:54:49]} 21. f3
{[%clk 1:13:06]} Rad8 {[%clk 0:52:28]} 22. Rxd8 {[%clk 1:12:20]} Rxd8
{[%clk 0:52:51]} 23. Kf2 {[%clk 1:09:09]} Rxd2+ {[%clk 0:52:43]} 24. Kg3
{[%clk 1:09:29]} Bxb3 {[%clk 0:52:01]} 25. axb3 {[%clk 1:09:55]} Rb2
{[%clk 0:52:00]} 26. Ra1 {[%clk 1:10:16]} a6 {[%clk 0:52:16]} 27. Ra3
{[%clk 1:10:37]} Ne6 {[%clk 0:52:26]} 28. h4 {[%clk 1:09:39]} Nc5
{[%clk 0:52:31]} 29. b4 {[%clk 1:09:20]} Rxb4 {[%clk 0:52:44]} 30. Kf4
{[%clk 1:09:21]} b5 {[%clk 0:52:07]} 31. g4 {[%clk 1:08:50]} Rc4 {[%clk 0:50:16]}
32. Ke5 {[%clk 1:08:09]} Na4 {[%clk 0:48:48]} 33. g5 {[%clk 1:07:45]} hxg5
{[%clk 0:48:26]} 34. hxg5 {[%clk 1:06:16]} Rc3 {[%clk 0:48:35]} 35. Rxc3
{[%clk 1:00:47]} Nxc3 {[%clk 0:48:53]} 36. g6 {[%clk 1:00:29]} a5
{[%clk 0:48:26]} 37. Kd6 {[%clk 1:00:31]} a4 {[%clk 0:47:53]} 38. e5
{[%clk 1:00:37]} a3 {[%clk 0:46:54]} 39. gxf7+ {[%clk 1:00:46]} Kxf7
{[%clk 0:47:13]} 40. Kd7 {[%clk 1:01:08]} Nd5 {[%clk 0:46:49]} 0-1

[Event "PMPJ 2022 - D15"]
[Site "Jastrzebia Gora"]
[Date "2022.11.10"]
[Round "7.1"]
[White "Krzysztynska, Maria"]
[Black "Sliwicka, Weronika"]
[Result "1-0"]
[BlackElo "1265"]
[WhiteElo "1128"]
[LiveChessVersion "1.4.8"]

1. d4 {[%clk 1:28:18]} d5 {[%clk 1:30:54]} 2. Bf4 {[%clk 1:27:19]} e6
{[%clk 1:28:25]} 3. e3 {[%clk 1:23:42]} c5 {[%clk 1:24:52]} 4. c3
{[%clk 1:19:29]} Nc6 {[%clk 1:20:47]} 5. Bd3 {[%clk 1:14:58]} cxd4
{[%clk 1:19:20]} 6. exd4 {[%clk 1:10:16]} Qb6 {[%clk 1:11:54]} 7. Qc2
{[%clk 1:03:16]} g6 {[%clk 1:10:22]} 8. Nf3 {[%clk 1:00:35]} Bg7 {[%clk 1:09:33]}
9. Nbd2 {[%clk 0:53:40]} Nge7 {[%clk 1:04:05]} 10. Ne5 {[%clk 0:47:52]} Nxe5
{[%clk 1:02:36]} 11. dxe5 {[%clk 0:43:50]} Nc6 {[%clk 1:02:15]} 12. Be3
{[%clk 0:42:20]} Qc7 {[%clk 1:00:52]} 13. f4 {[%clk 0:40:55]} Bh6
{[%clk 0:56:28]} 14. Nf3 {[%clk 0:36:14]} O-O {[%clk 0:44:13]} 15. g4
{[%clk 0:31:38]} f6 {[%clk 0:40:41]} 16. Qe2 {[%clk 0:23:59]} fxe5
{[%clk 0:35:43]} 17. fxe5 {[%clk 0:22:08]} Rxf3 {[%clk 0:31:04]} 18. Qxf3
{[%clk 0:19:04]} Nxe5 {[%clk 0:29:57]} 19. Qe2 {[%clk 0:18:59]} Bxe3
{[%clk 0:29:12]} 20. Qxe3 {[%clk 0:18:52]} Nxg4 {[%clk 0:28:58]} 21. Qg5
{[%clk 0:18:08]} Ne5 {[%clk 0:23:28]} 22. Be2 {[%clk 0:15:58]} Nf7
{[%clk 0:20:36]} 23. Qd2 {[%clk 0:15:03]} Bd7 {[%clk 0:19:47]} 24. O-O-O
{[%clk 0:13:56]} Bc6 {[%clk 0:19:52]} 25. Bg4 {[%clk 0:10:17]} Re8
{[%clk 0:17:28]} 26. Rhg1 {[%clk 0:08:51]} Ne5 {[%clk 0:15:36]} 27. h4
{[%clk 0:08:54]} Nc4 {[%clk 0:15:37]} 28. Qe2 {[%clk 0:06:15]} Qf4+
{[%clk 0:15:49]} 29. Kb1 {[%clk 0:06:04]} Qe3 {[%clk 0:13:58]} 30. Qc2
{[%clk 0:05:16]} d4 {[%clk 0:13:01]} 31. Rge1 {[%clk 0:04:15]} d3
{[%clk 0:07:42]} 32. Qxd3 {[%clk 0:03:55]} Qxd3+ {[%clk 0:07:39]} 33. Rxd3
{[%clk 0:04:19]} e5 {[%clk 0:08:02]} 34. Bd7 {[%clk 0:03:07]} Re7
{[%clk 0:05:37]} 35. Bxc6 {[%clk 0:02:38]} bxc6 {[%clk 0:06:02]} 36. b3
{[%clk 0:02:32]} Nb6 {[%clk 0:05:49]} 37. Rd6 {[%clk 0:02:35]} c5
{[%clk 0:05:51]} 38. Kc2 {[%clk 0:02:44]} e4 {[%clk 0:05:15]} 39. Re3
{[%clk 0:02:18]} Re5 {[%clk 0:04:39]} 40. c4 {[%clk 0:02:22]} Kg7
{[%clk 0:04:27]} 41. Rd8 {[%clk 0:01:39]} Kh6 {[%clk 0:04:36]} 42. a4
{[%clk 0:01:46]} a5 {[%clk 0:04:04]} 43. Rd6 {[%clk 0:01:47]} Nc8
{[%clk 0:04:20]} 44. Rd5 {[%clk 0:01:41]} Rxd5 {[%clk 0:04:18]} 45. cxd5
{[%clk 0:02:06]} Nd6 {[%clk 0:03:30]} 46. Rc3 {[%clk 0:02:17]} Kh5
{[%clk 0:03:01]} 47. Rxc5 {[%clk 0:02:09]} Kxh4 {[%clk 0:03:05]} 48. Rc6
{[%clk 0:01:23]} Nf7 {[%clk 0:03:17]} 49. Re6 {[%clk 0:01:26]} Kg5
{[%clk 0:03:01]} 50. Kd2 {[%clk 0:01:11]} Kf5 {[%clk 0:03:00]} 51. Ke3
{[%clk 0:01:13]} Ne5 {[%clk 0:01:57]} 52. Re8 {[%clk 0:00:59]} Nd7
{[%clk 0:00:56]} 53. Rxe4 {[%clk 0:00:54]} Nc5 {[%clk 0:01:20]} 54. Rf4+
{[%clk 0:01:09]} Ke5 {[%clk 0:01:41]} 55. b4 {[%clk 0:01:04]} axb4
{[%clk 0:01:46]} 56. Rxb4 {[%clk 0:01:20]} Kxd5 {[%clk 0:02:09]} 57. a5
{[%clk 0:00:57]} Kc6 {[%clk 0:02:14]} 58. Kd4 {[%clk 0:00:40]} Ne6+
{[%clk 0:02:15]} 59. Ke5 {[%clk 0:00:48]} Nc7 {[%clk 0:01:34]} 60. Rb6+
{[%clk 0:00:55]} Kc5 {[%clk 0:01:50]} 61. Rb1 {[%clk 0:01:09]} Na6
{[%clk 0:02:12]} 62. Kf6 {[%clk 0:01:02]} h5 {[%clk 0:01:49]} 63. Kg5
{[%clk 0:01:08]} Nc7 {[%clk 0:01:27]} 64. Rb6 {[%clk 0:01:23]} Na8
{[%clk 0:00:33]} 65. Rxg6 {[%clk 0:01:43]} Kb5 {[%clk 0:00:58]} 66. a6
{[%clk 0:01:41]} Nc7 {[%clk 0:00:40]} 67. a7 {[%clk 0:02:03]} h4 {[%clk 0:00:39]}
68. Kxh4 {[%clk 0:02:25]} Ka5 {[%clk 0:00:58]} 69. Rg8 {[%clk 0:02:19]} 1-0